000
00318nam a22001457a 4500
003
SGT
020
_a
938426617-5
082
_a
616
_b
GUP
100
_a
GUPTA, DR. M.K.
245
_a
TEXTBOOK OF PATHOPHYSIOLOGY
260
_a
INDIA
_b
BIRLA PUB.
_c
2026
300
_a
235
650
_a
PATHOPHYSIOLOGY
942
_2
ddc
_c
BK
999
_c
32949
_d
32949